000
00255nam a2200097Ia 4500
001
678827
005
20250826161045.0
008
250824s9999 xx 000 0 und d
245
0
_a
DÜNYA NIN MERKEZİNE YOLCULUK
_c
JULES VERNE
260
_b
KARATAY GENÇLİK
999
_c
678827
_d
678827